| 000 | 00446nam a2200181Ia 4500 | ||
|---|---|---|---|
| 001 | 14451 | ||
| 005 | 20260306164915.0 | ||
| 008 | 260306t2007||||xx |||||||||||||| ||spa|| | ||
| 041 | _aESP | ||
| 082 |
_a515.076 _bD56 |
||
| 100 |
_aDemana, Franklin D., _eAUT |
||
| 245 | 0 |
_aRecálculo : _bgráfico, numérico, algebraico |
|
| 260 | _c2007 | ||
| 300 |
_a1056 páginas : _c27 cm. |
||
| 650 | _aGEN | ||
| 654 | _aCMA | ||
| 942 |
_cLIB _dJUS _fJUS _2ddc _n |
||
| 999 |
_c14451 _d14451 |
||